LEADER 01520nam a2200313 i 4500 001 000000105313 003 CaOOAMICUS 005 20070528090948.0 008 070528s1987 it 000 u ita c 020 $a88-311-3065-X 040 $aPUG$bita$dPUL$dLDB 041 1 $aita$hlat 100 0 $aFerrandus Carthaginiensis,$dc. 500-547.$0(OLS)http://pul/name/64694 245 10$aVita di san Fulgenzio /$cPseudo-Ferrando di Cartagine ; traduzione introduzione e note a cura di Antonino Isola. 260 $aRoma :$bCittà Nuova,$c1987. 300 $a131 p. ;$c21 cm 490 1 $aCollana di testi patristici ;$v065 600 04$aFulgentius Ruspensis,$cs.,$d468-533.$0(OLS)http://pul/subject/8026 700 1 $aIsola, Antonino.$0(OLS)http://pul/name/9710 700 0 $aFerrandus Carthaginiensis,$dc. 500-547.$tVita s. Fulgentii.$0(OLS)http://pul/nameTitle/406$0(OLS)http://pul/name/64694$0(OLS)http://pul/title/132504 830 0$aCollana di testi patristici ;$v065.$0(OLS)http://pul/title/17027 850 $aPUL 852 $aPUL$W1$xSL Cons. Gen., Altre Classi 1$y1$m2000 E 65$j118022$qStampati$B117939$CPULBib$Z2$F117939 $H58877 $82 900 $aFerrando,$cdiacono di Cartagine,$dc. 500-547$964694 900 $aFerrando,$cdiacono di Cartagine,$dc. 500-547$964694 941 1 $a8 996 $6020$a88-311-3065-X$9(OLS)http://pul/number/134548 996 $6245$aVita di san Fulgenzio$9(OLS)http://pul/title/132503 996 $6260$aRoma :$bCittà Nuova$9(OLS)http://pul/publisher/47927 LEADER 01627nam a2200301 i 4500 001 000000105947 003 CaOOAMICUS 005 20070703111933.0 008 070702s2005 po b u100 u por r 020 $a972-54-0104-2 040 $aPUL$bita$dLDB 111 2 $aJornadas de Direito Canónico$n(12: d2004$cFátima).$0(OLS)http://pul/name/65083 245 13$aAs associaçoes na Igreja:$bActas das XII Jornadas de Diretio Canónico: 19-21 Abril 2004. 260 $aLisboa :$bCentro de Estudos de Direito Canónico, Universidade Católica Portuguesa,$c2005. 300 $a372 p. ;$c23cm 490 1 $aColecçao Lusitania Canonica ;$v10 500 $aIn testa al front. : Universidade Católica Portuguesa, Instituto Superior de Direito Canónico, 504 $aBibliografia in nota. 610 24$aChiesa Cattolica$xAssociazioni.$0(OLS)http://pul/subject/21794 710 2 $aUniversidade Católica Portuguesa (Lisbona).$bInstituto Superior de Direito Canónico.$0(OLS)http://pul/name/79829 830 0$aLusitania Canonica ;$v10.$0(OLS)http://pul/title/133356 850 $aPUL 852 $aPUL$W1$xSL Diritto Canonico 3$y77$m262. 9 COLL 2.A.10$j190258$qDDC 21$B118788$CPULBib$Z2$F118788 $H104663 $82 941 1 $a9 983 0$aColeccao Lusitania Canonica. 996 $6020$a972-54-0104-2$9(OLS)http://pul/number/135111 996 $6245$aAs associaçoes na Igreja:$bActas das XII Jornadas de Diretio Canónico: 19-21 Abril 2004$9(OLS)http://pul/title/133372 996 $6260$aLisboa :$bCentro de Estudos de Direito Canónico, Universidade Católica Portuguesa$9(OLS)http://pul/publisher/74869